| Поле | Инд. | ПП | Название | Значение |
|---|---|---|---|---|
| Тип записи | a | |||
| Библиографический уровень | m | |||
| 001 | _ | Контрольный номер | BIBLIOCLUB\0000083215 | |
| 005 | _ | Дата корректировки | 20250915104108.7 | |
| 008 | Кодируемые данные | 210927j2021 RU y j||| 000 0 rus u | ||
| 020 | a | ISBN | 978-5-89349-929-2 | |
| 040 | a | Служба первич. каталог. | Директ-Медиа | |
| c | Служба, преобразующая запись | Директ-Медиа | ||
| 041 | a | Код языка текста | rus | |
| 044 | a | Код страны публикации | RU | |
| 080 | a | Индекс УДК | 340(075.8) | |
| 084 | 2 | Источник индекса | rubbk | |
| a | Индекс другой классификации/Индекс ББК | 67я73 | ||
| 245 | a | Заглавие | Правоведение | |
| b | Продолж. заглавия | учебное пособие | ||
| c | Ответственность | под общ. ред. Н. Н. Косаренко | ||
| 250 | a | Основные сведения об издании | 5-е изд., стер. | |
| 260 | a | Место издания | Москва | |
| b | Издательство | ФЛИНТА | ||
| c | Дата издания | 2021 | ||
| 300 | a | Объем | 357 с. | |
| 440 | a | Серия | Экономика и право | |
| 520 | a | Аннотация | Пособие подготовлено в соответствии с государственным образовательным стандартом и действующей программой по курсу «правоведение» для студентов неюридических вузов. в нем учтены все нововведения в российском законодательстве последнего времени.Для студентов и аспирантов финансовых и экономических специальностей высших учебных заведений, изучающих курс «правоведение». | |
| 538 | a | Прим. о системных особенностях | Режим доступа: электронная библиотечная система «Университетская библиотека ONLINE», требуется авторизация | |
| 653 | a | Ключевые слова | Учебник для высшей школы | |
| 856 | 4_ | u | URL | https://biblioclub.ru/index.php?page=book&id=83215 |
| a | Имя сервера/домена | Режим доступа: электронная библиотечная система «Университетская библиотека ONLINE», требуется авторизация | ||
| z | Примечание для пользователя | Участвует в КО |